Terribly Drawn Countries - Statistics

General Stats
  • This quiz has been taken 25 times
  • The average score is 16 of 26
Answer Stats
Picture Answer % Correct
Chile
100%
Japan
95%
Australia
91%
Argentina
86%
Mexico
86%
Egypt
82%
South Africa
77%
Senegal
73%
Sri Lanka
73%
Philippines
68%
United States of America
68%
Croatia
64%
France
64%
Indonesia
64%
Austria
59%
Greece
59%
China
55%
New Zealand
50%
United Kingdom
50%
Saudi Arabia
45%
Spain
41%
India
36%
Türkiye
36%
Italy
32%
Russia
23%
Netherlands
18%
No matching quizzes found
Score Distribution
Percent of People with Each Score
Percentile by Number Answered
Your Score History
You have not taken this quiz